00349nam a2200109Ia 45000010005000000080041000050200022000460820020000681000020000882450114001082600017002223819241024s9999 xx 000 0 und d a978-9945-8914-4-7 aRD/325.32/C146i aBruce J. Calder 0aEl impacto de la intervención. La República Dominicana durante la ocupación norteamericana de 1916-1924 bBúhoc2014